| 000 | 01001nam a2200265Ia 4500 | ||
|---|---|---|---|
| 001 | 21838 | ||
| 005 | 20260320113317.0 | ||
| 008 | 260320s9999||||xx |||||||||||||| ||und|| | ||
| 020 | _a9786124369452 | ||
| 041 | _aESP | ||
| 082 |
_a349.85 _bF18 T. 1 |
||
| 100 |
_aFalconí Picardo, Marco, _eAUT |
||
| 245 | 0 |
_aEl sistema de justicia en la historia del Perú : _bprocesos de control de constitucionalidad, selección y nombramiento, ratificación, evaluación de desempeño, disciplinarios, legislación del sistema de justicia y casos relevantes |
|
| 246 |
_a _5 _b |
||
| 250 | _aPrimera edición | ||
| 260 |
_aLima : _bAdrus D&L Editores, _c2025 |
||
| 300 |
_a621 páginas : _bilustraciones : _c23 cm. _e |
||
| 440 |
_a _n _v |
||
| 650 | _aCIS | ||
| 653 | _aDerecho; Derecho peruano; Sistema de justicia | ||
| 654 | _aDER | ||
| 700 |
_a _c |
||
| 856 |
_uhttps://palestra-tirantonline-com.ucsp.lookproxy.com/base/per _zVéase además: Base de datos Titant Palestra |
||
| 942 |
_cLIB _dJUS _fMIP _2ddc _n |
||
| 999 |
_c21838 _d21838 |
||